Library Banner

آکھن لوک سیانے (Record no. 69123)

MARC details
000 -LEADER
fixed length control field 00459nam a22001577a 4500
005 - DATE AND TIME OF LATEST TRANSACTION
control field 20150403105614.0
008 - FIXED-LENGTH DATA ELEMENTS--GENERAL INFORMATION
fixed length control field 150403b xxu||||| |||| 00| 0 eng d
020 ## - INTERNATIONAL STANDARD BOOK NUMBER
International Standard Book Number 9789699199196
040 ## - CATALOGING SOURCE
Transcribing agency PK-LaUMT
082 ## - DEWEY DECIMAL CLASSIFICATION NUMBER
Classification number KHC R 491.4231
Item number EHS-A
100 ## - MAIN ENTRY--PERSONAL NAME
Personal name احسان باجوہ
245 ## - TITLE STATEMENT
Title آکھن لوک سیانے
Statement of responsibility, etc احسان باجوہ
260 ## - PUBLICATION, DISTRIBUTION, ETC. (IMPRINT)
Place of publication, distribution, etc لاہور
Name of publisher, distributor, etc پنجاب انسٹیٹوٹ آف لینگوئج
Date of publication, distribution, etc 2011
300 ## - PHYSICAL DESCRIPTION
Extent 487 ص
942 ## - ADDED ENTRY ELEMENTS (KOHA)
Koha item type Books
Holdings
Withdrawn status Lost status Damaged status Home library Current library Date acquired Full call number Barcode Date last seen Price effective from Koha item type
      UMT Main Campus UMT Main Campus 2015-04-03 KHC R 491.4231 EHS-A 68755 2015-04-03 2015-04-03 Books